000 00469nam a22001697a 4500
003 CEME
005 20210628210304.0
008 210201b xxu||||| |||| 00| 0 eng d
040 _c.
082 _a297.63 LUD
100 _aLudhanvi,Maulana Muhammad Yousaf
_978851
245 _aAhad naboat kay maw-o-saal
260 _aKARACHI
_bMAKTABA LUDHAYNEVEY
_c2004
300 _a408P
650 _aISLAM-LIFE OF PROPHET MUHAMMAD(PEACE BE UPON HIM)
_978852
942 _cBK
_2ddc
999 _c583920
_d583920